000 00897cam a22002533a 4500
001 7800
003 PGUSA
005 20140828083149.0
008 050301s2005||||xxu|||||s|||||000 | eng d
040 _aPGUSA
_beng
042 _adc
050 4 _aPS
050 4 _aPR
100 1 _aLong, William J.
_q(William Joseph),
_d1867-1952
245 1 0 _aOutlines of English and American Literature :
_bAn Introduction to the Chief Writers of England and America, to the Books They Wrote, and to the Times in Which They Lived
_h[electronic resource] /
_cWilliam J. Long
260 _bProject Gutenberg,
_c2005
506 _aPublic domain in the USA.
516 _aElectronic text
653 _aAmerican literature -- History and criticism
653 _aEnglish literature -- History and criticism
830 0 _aProject Gutenberg
_v7800
856 4 0 _uhttp://www.gutenberg.org/ebooks/7800
942 _cEB
999 _c237100
_d237100